01014nam a2200217Ia 4500003000400000005001700004008004100021020001500062040000900077082002000086100002100106245008400127260005700211300000900268650001200277942004600289952015300335952015300488952013800641999001700779OSt20200907104433.0190216s9999||||xx |||||||||||||| ||und|| a8122411959 coclc a530.0285bVER/C aVerma, R C94458 0aComputational Physics An Introduction /cR C Verma ; P K Ahluwalia ; K C Sharma bNew Age International Publishers,c1999.aNew Delhi: a377p aPhysics cBK2ddch530.0285iVER/Ck530.0285mVER/C 00102ddc40708PHYSICSaMESbMEScPHYd2019-02-20g175.00l5m8o530.0285 VER/Cp24689r2023-11-03 11:27:26s2023-10-12t1w2019-02-20yBKzGL11R2 00102ddc40708PHYSICSaMESbMEScPHYd2019-02-20g175.00l8m7o530.0285 VER/Cp25934r2024-08-05 10:21:18s2024-06-29t2w2019-02-20yBKzGL11R2 00102ddc40708PHYSICSaMESbMEScPHYd2019-02-20g175.00l0o530.0285 VER/Cp30778r2019-02-20 00:00:00t3w2019-02-20yBKzGL11R2 c33456d33456